53 - Né(es) un 22 février - Statistiques

Statistiques générales
  • Ce quiz a été pris 11 fois
  • Le résultat moyen est 8 sur 16
Statistiques - réponses
HINT HINT ANSWER % Correct
Premier président des États-Unis de 1789 à 1797. 1732 George Washington
100%
Ingénieur allemand qui laissera son nom à une société de location de voitures et à l'unité internationale de fréquence. 1857 Heinrich Hertz
78%
Roi de France de 1422 à 1461. Vainqueur de la bataille d'Azincourt (1415). Surnommé "le Victorieux" ou "le Bien Servi". 1403 Charles VII
67%
Chanteur britannique. Connu pour les chansons "You're Beautiful" et "No Bravery". 1974 James Hillier Blount|James Blunt
67%
Joueur de tennis américain connu pour sa précocité et avoir servi à la cuillère en huitième de finale de Roland Garros face à Ivan Lendl. 1972 Michael Chang
67%
Pilote de Formule 1 autrichien gravement blessé au visage lors d'un accident au Grand Prix d'Allemagne sur le Nürburgring en 1976. 1949 Andreas Nikolaus Lauda|Niki Lauda
56%
Actrice américaine venant d'une lignée de gens du cinéma. Révélée dans "E.T., l'extra-terrestre" (1982). 1975 Drew Barrymore
56%
Actrice française vue dans "Les Valseuses", "Tenue de Soirée", "Germinal", "Mariages!". Nommée dix fois au César de la meilleure actrice. 1950 Miou-Miou|Sylvette Herry
56%
Auteur français de "L'Écornifleur" (1892), "Poil de Carotte" (1894), "Journal, 1887-1910" (posthume). 1864 Pierre-Jules Renard|Jules Renard
56%
Réalisateur espagnol puis mexicain surtout connu pour " Cet obscur objet du désir" avec Carole Bouquet. 1900 Luis Bunuel Portolés|Luis Bunuel
44%
Fondateur britannique du scoutisme. 1857 Robert Baden-Powell
44%
Président de la République centrafricaine de 1966 à 1976. 1921 Jean-Bedel Bokassa
33%
Journaliste français connu pour avoir dit "La France a peur" le le 18 février 1976 en introduction de son journal. 1933 Roger Gicquel
33%
Philosophe allemand. Auteur de "Le Monde comme volonté et comme représentation" publié en 1819. 1788 Arthur Schopenhauer
22%
Président fédéral d'Allemagne de 2004 à 2010. 1943 Horst Köhler
0%
Premier maître de forges et fondateur d'une célèbre dynastie d'industriels qui donnera à la France un président du Medef. 1655 Jean-Martin Wendel
0%
Aucun quiz correspondant
Distribution des résultats
% des personnes avec chaque résultat
Percentile par nombre de réponses
Votre historique - résultats
Vous n’avez pas pris ce quiz